Neurosis infantiles (Record no. 73291)

MARC details
000 -CABECERA
campo de control de longitud fija 00538nam a2200205 a 4500
005 - FECHA Y HORA DE LA ÚLTIMA TRANSACCIÓN
campo de control 20210219153307.0
008 - ELEMENTOS DE LONGITUD FIJA--INFORMACIÓN GENERAL
campo de control de longitud fija 991125n 000 0 u
035 ## - NÚMERO DE CONTROL DEL SISTEMA
Número de control de sistema UPN01000089100
100 ## - ASIENTO PRINCIPAL--NOMBRE PERSONAL
Nombre de persona BETANCOURT, I.
222 ## - TÍTULO CLAVE
Título clave RUMBOS: ORGANO DEL CENTRO DE PEDAGOGICO DE ORIENTACION
245 ## - MENCIÓN DE TÍTULO
Título Neurosis infantiles
300 ## - DESCRIPCIÓN FÍSICA
Extensión 10-12
362 ## - FECHAS DE PUBLICACIÓN Y/O DESIGNACIÓN SECUENCIAL
Fecha de publicación y/o designación secuencial 1956 Vol. 4, no. 20 (feb.)
653 0# - TERMINO DE INDIZACION - NO CONTROLADO
Término no controlado NEUROSIS
653 0# - TERMINO DE INDIZACION - NO CONTROLADO
Término no controlado NIÑO
653 0# - TERMINO DE INDIZACION - NO CONTROLADO
Término no controlado PSICOLOGIA EDUCATIVA
653 0# - TERMINO DE INDIZACION - NO CONTROLADO
Término no controlado PSICOPATOLOGIA
904 ## - ELEMENTOS DE DATOS D LOCAL, LDD (RLIN)
a AC
b 026911
905 ## - TIPO DE MATERIAL
Tipo de material Articulo

No items available.